| 000 | 00358nam a2200145Ia 4500 | ||
|---|---|---|---|
| 008 | 150201s1999 xx 000 0 und d | ||
| 082 |
_a617.6342 _bS1999G |
||
| 100 | _aGUTMAN,JAMES | ||
| 245 | _aSURGICAL ENDODONTICS | ||
| 250 | _a1ST | ||
| 260 |
_bAIPD _aDELHI _c1999 |
||
| 300 | _a1-468 | ||
| 650 | _aCONSERVATIVE DENTISTRY & ENDODONTICS | ||
| 942 |
_2ddc _cBK |
||
| 999 |
_c3775 _d3775 |
||